Manual Estrada quinto grado

Gespeichert in:
Bibliographische Detailangaben
Format: Buch
Sprache:Spanisch
Erschienen: Buenos Aires : 1952
Katalog:BNM:  Suchergebnis im Bibliothekskatalog
Schulbuchspezifische Eigenschaften:
Schlagworte:
Tags: Tag hinzufügen
Keine Tags, Fügen Sie den ersten Tag hinzu!
Hinzugefügt zu:03.02.1994
Geändert in:20.02.2022

MARC

LEADER 00000cam a22000004a 4500
003 AR-BaBNM
007 ta
008 940204s1952 ag ||||b |||||||||||spa|d
005 20220220073729.0
035 |a 000042427 
040 |a AR-BaBNM  |b spa 
080 |a 372.4 
245 0 0 |a Manual Estrada quinto grado 
260 |a Buenos Aires :  |b Estrada,  |c 1952 
300 |a 478 p. :  |b il., mapas 
500 |a Desarrollo del programa de desenvolvimiento de las Escuelas Primarias 
655 4 |a Manuales escolares  |a Libros de texto 
650 4 |a Educación primaria  |9 7632 
942 |2 udc  |c LIBRO 
999 |c 76589  |d 76589 
999 |c KOHA-OAI-TEST:76589  |d 76589